[Event "Groningen PCA"]
[Site "Groningen"]
[Date "1993.??.??"]
[Round "10"]
[White "Sokolov, Ivan"]
[Black "Alterman, Boris"]
[Result "1-0"]
[WhiteElo "2610"]
[BlackElo "2585"]
[Annotator "Chekhov,V"]
[PlyCount "139"]
[EventDate "1993.12.??"]
[EventType "swiss"]
[EventRounds "11"]
[EventCountry "NED"]
[SourceTitle "CBM 039"]
[Source "ChessBase"]
[SourceDate "1994.04.01"]
[SourceVersion "1"]
[SourceVersionDate "1994.04.01"]
[SourceQuality "1"]

1. d4 Nf6 2. c4 g6 3. Nc3 d5 4. cxd5 Nxd5 5. e4 Nxc3 6. bxc3 Bg7 7. Bb5+ c6 8.
Ba4 b5 9. Bb3 b4 10. Bb2 $5 bxc3 (10... Na6 11. Ne2 (11. cxb4 $5) (11. Qd2 $5)
11... O-O 12. O-O c5 13. Rc1 Bb7 14. d5 Rc8 $36 {Knaak,R-Georghiu,F/Buharest/
1973/}) 11. Bxc3 Na6 $6 $146 (11... Ba6 $5 12. Ne2 O-O 13. O-O Nd7 14. Rc1 e5
15. d5 (15. Re1 $1 $14) 15... Nc5 16. Bb4 Nd3 17. Bxf8 Nxc1 18. Qxc1 Qxf8 19.
Re1 $10 {Adorjan/}) 12. Qd2 O-O 13. Nf3 $1 Nc7 14. O-O Nb5 (14... Bg4 $5 15.
Ng5 Qd7) 15. Ba5 Qd7 16. e5 e6 17. Rac1 Bb7 18. Rfd1 $16 Nc7 19. Qe2 (19. Qg5
$5 Nd5 20. Qh4 $14) 19... Ba6 $6 (19... Nd5) 20. Qc2 Nd5 21. Ng5 (21. Qxc6 Qxc6
22. Rxc6 Be2 23. Rd2 Bxf3 24. gxf3 $16) 21... Nf4 (21... Bh6 22. Bd2 {/\Ne4/})
22. Rd2 c5 $5 (22... Rac8 23. Ne4 $18) 23. Qe4 $1 (23. dxc5 Qb5) (23. Qxc5 Ne2+
) 23... Ne2+ 24. Rxe2 Bxe2 25. Qxe2 cxd4 (25... Qxd4 26. Nf3 $18) 26. Rc7 d3 (
26... Qd8 27. Nxe6 $18) (26... Qe8 27. Rxf7 Rxf7 28. Bxe6 Qe7 29. Bxf7+ Kh8 (
29... Kf8 30. Qc4 $18) 30. f4 h6 31. Bxg6 hxg5 32. Be4) 27. Rxd7 dxe2 28. f4
Rad8 $1 29. Rxd8 Rxd8 30. Kf2 Rd4 31. g3 h6 32. Ke3 $1 Rd1 33. Kxe2 $18 Rb1 34.
Ne4 Bf8 35. Be1 Be7 36. Nd6 Bd8 37. g4 Kg7 (37... Rb2+ 38. Bd2 Ba5 39. Nc4 Bxd2
40. Nxd2 $18) 38. h4 Bb6 39. h5 gxh5 40. gxh5 Bd4 41. Ne8+ Kf8 42. Nf6 Kg7 43.
Ng4 Bb6 44. Nf2 Rb2+ 45. Kf3 a5 46. Nd3 $1 Rh2 47. Bf2 Bd8 (47... Bxf2 48. Nxf2
Rxh5 49. Kg4 Rh2 50. Kg3 Rh5 51. Bd1 Rf5 52. Bg4 $18) 48. Kg4 Rh1 49. Bc4 Rb1
50. Be1 Rb8 51. f5 exf5+ 52. Kxf5 Rb1 53. Bb3 Ra1 54. Ke4 (54. Bc3 Rf1+) 54...
Kg8 55. Kd5 Bc7 56. Bd2 Rh1 57. Kc6 Bd8 58. Kd7 Bg5 59. Bxa5 Rxh5 60. Ke8 Rh3
61. Bxf7+ Kh7 62. Be6 Rh2 63. Bd5 Kg7 64. e6 Re2 65. Bc3+ Kg6 66. Kd7 Kf5 67.
Bb4 Re3 68. Nb2 Re2 69. Nc4 Kf4 70. Bd2+ 1-0

[Event "Rostov on Don op"]
[Site "Rostov on Don"]
[Date "1993.??.??"]
[Round "?"]
[White "Dreev, Alexey"]
[Black "Alterman, Boris"]
[Result "0-1"]
[WhiteElo "2560"]
[BlackElo "2600"]
[Annotator "Chekhov,V"]
[PlyCount "74"]
[EventDate "1993.05.??"]
[EventType "swiss"]
[EventRounds "9"]
[EventCountry "RUS"]
[SourceTitle "CBM 036"]
[Source "ChessBase"]
[SourceDate "1993.10.01"]
[SourceVersion "1"]
[SourceVersionDate "1993.10.01"]
[SourceQuality "1"]

1. d4 Nf6 2. c4 g6 3. Nc3 d5 4. cxd5 Nxd5 5. e4 Nxc3 6. bxc3 Bg7 7. Bb5+ c6 8.
Ba4 b5 (8... O-O 9. Ne2 e5 (9... b6 $6 10. O-O Bb7 11. Bg5 $14 {Bareev,
E-Sokolov,I Debrecen 1992 Inf 56/532/}) 10. O-O Qe7 11. Bc2 Be6 12. a4 Rd8 13.
Ba3 Qe8 14. Rb1 $1 b6 15. Bd3 Nd7 16. Qc2 $14 {Kishnev,S-Smejkal,J Munchen
1992 Inf 56/533/}) 9. Bb3 b4 10. Qf3 (10. Bb2 bxc3 11. Bxc3 Ba6 12. Ne2 O-O 13.
O-O Nd7 14. Rc1 e5 15. d5 Nc5 $5 16. Bb4 Nd3 17. Bxf8 Nxc1 18. Qxc1 Qxf8 19.
Re1 $10) (10. Be3 bxc3 11. Rc1 Nd7 12. Ne2 Ba6 13. e5 (13. f4 Qa5 14. Qc2 c5
15. e5 cxd4 16. Bxd4 Nc5 17. Bxc5 Qxc5 18. Qxc3 Qxc3+ 19. Nxc3 $1 O-O 20. Nd5
e6 21. Nc7 Rac8 22. Kf2 $14 {Aseev,K-Dvoirys,S S-Peterburg 1993 16.Nd4!?/})
13... Qa5 $1 14. Qc2 c5 15. Qe4 O-O 16. Bxf7+ Kh8 $132 {Georgadze,G-Adorjan,A
Debrecen 1992 Inf 56/535/}) 10... O-O 11. Ne2 a5 $5 $146 (11... bxc3 12. Qxc3 (
12. O-O Ba6 13. Rd1 c5 14. dxc5 Qa5 15. e5 Nc6 $1 16. Qxc6 Bxe2 17. Re1 c2 $1
$17 {Groszpeter,A-Adorjan,A HUN 1992 Inf 56/537/}) 12... Bb7 13. Bg5 $1 Nd7 14.
Qb4 Ba6 15. Bxe7 c5 16. Bxd8 cxb4 $14) (11... Ba6 $5) (11... Na6 $5) 12. O-O
Ba6 13. Rd1 a4 $1 14. Bc2 b3 15. axb3 axb3 16. Bd3 (16. Bxb3 $4 Bxe2 $19) 16...
Qb6 17. Bg5 Bxd3 18. Qxd3 (18. Rxa8 Bc2 {/\b2,Bd1/}) 18... Rxa1 19. Rxa1 Nd7
20. Bxe7 b2 21. Rb1 Ra8 22. Qd1 (22. Bb4 Ra1 23. Qc2 Qa6 24. Qxb2 (24. Nf4 Qa2
$19) 24... Rxb1+ 25. Qxb1 Qxe2 $19) 22... Qb5 23. Nf4 Qa4 24. Nd3 (24. Qf1 Qc2
25. Nd3 Qxb1 26. Qxb1 Ra1 $19) 24... Qxd1+ 25. Rxd1 Ra2 $17 26. g4 Nb6 27. g5
$6 (27. Kg2 $5 Na4 28. Bb4 Bf8 29. Bxf8 Kxf8 30. Rb1 $15) 27... Na4 28. Bb4 Bf8
29. Ba5 Ba3 $19 30. Kg2 Ra1 31. Nxb2 Bxb2 32. Rd3 Nc5 33. Rd2 Rxa5 34. Rxb2
Nxe4 35. h4 Nxc3 36. Rc2 Ra3 37. Rb2 Nd5 0-1

[Event "EU-chT 07th Final"]
[Site "Skara"]
[Date "1980.01.24"]
[Round "5.8"]
[White "Kasparov, Garry"]
[Black "Pribyl, Josef"]
[Result "1-0"]
[WhiteElo "2595"]
[BlackElo "2390"]
[Annotator "ChessBase"]
[PlyCount "61"]
[EventDate "1980.01.20"]
[EventType "team-tourn"]
[EventRounds "7"]
[EventCountry "SWE"]
[SourceTitle "EU-chT"]
[Source "ChessBase"]
[SourceDate "1999.07.01"]
[SourceVersion "2"]
[SourceVersionDate "1999.07.01"]
[SourceQuality "1"]
[WhiteTeam "Soviet Union"]
[BlackTeam "Czechoslovakia"]
[WhiteTeamCountry "URS"]
[BlackTeamCountry "CSR"]

1. d4 Nf6 2. c4 g6 3. Nc3 d5 4. cxd5 Nxd5 5. e4 Nxc3 6. bxc3 Bg7 7. Nf3 b6 (
7... c5) (7... O-O 8. Be2 b6) 8. Bb5+ c6 9. Bc4 O-O 10. O-O (10. Qe2) 10... Ba6
11. Bxa6 Nxa6 12. Qa4 (12. Bg5 $142 Qd7 13. Qd2 {+/=/+/-}) 12... Qc8 13. Bg5
Qb7 14. Rfe1 e6 (14... Rfe8) 15. Rab1 {/\ 16.c4} c5 $8 (15... h6 16. Be3) 16.
d5 $1 (16. Red1 f5 $1 $36) 16... Bxc3 17. Red1 exd5 18. exd5 $146 {>< Na6} Bg7
(18... Nc7 19. Be7 Rfe8 20. Qd7) (18... Nb8 19. Qc4 (19. Qh4 $40) 19... Bg7 20.
Qxc5) 19. d6 f6 20. d7 $1 (20. Bf4 $146) 20... fxg5 (20... Nb4 21. Qb3+ Kh8 22.
Ne5 fxe5 23. d8=Q Raxd8 24. Rxd8 Rxd8 25. Bxd8 $16) (20... Rad8 21. Qc4+ Kh8
22. Ne5 $1 fxe5 23. Bxd8 Rxd8 24. Qe6 $1 Qb8 (24... Nc7 25. Qe7 Qb8 26. Rb3 e4
27. Rd6 Bf8 28. Qf6+ Bg7 29. Qf7) 25. Rb3 c4 26. Rh3 Nc5 27. Qxg6 h6 28. Rg3
$18) (20... Kh8 21. Qc4 (21. Bf4) 21... fxg5 {game}) 21. Qc4+ Kh8 22. Nxg5 Bf6
$8 (22... Bd4 23. Rxd4 cxd4 24. Qxd4+ Kg8 25. Ne6 $18) 23. Ne6 Nc7 $8 (23...
Nb4 24. Qf4 Nc6 (24... Nd5 25. Qd6) 25. Nxf8 Rxf8 26. d8=Q Nxd8 27. Rxd8 $18)
24. Nxf8 Rxf8 25. Rd6 (25. Qxc5 Qxg2+ 26. Kxg2 bxc5 27. Rb7 Ne6 28. Rd6 Nf4+
29. Kf1 Bd8 30. Rxa7 $16) 25... Be7 (25... Qb8 26. Rbd1 Qd8 27. Rc6 Bg7 28. h4
{Zugzwang}) (25... Bd8 26. h4 Qa6 27. Qc3+ Kg8 28. Qc2 Bxh4 29. Rxg6+ $18) 26.
d8=Q $1 Bxd8 (26... Rxd8 27. Rxd8+ Bxd8 28. Qf7 Qd5 29. Qxd5 Nxd5 30. Rd1 $18)
27. Qc3+ Kg8 28. Rd7 Bf6 29. Qc4+ Kh8 30. Qf4 Qa6 $2 (30... Bg7 31. Qxc7 Qxc7
32. Rxc7 Bd4 33. Rf1 $18) 31. Qh6 1-0

[Event "Esbjerg North Sea Cup-09"]
[Site "Esbjerg"]
[Date "1985.07.??"]
[Round "2"]
[White "Olafsson, Helgi"]
[Black "Ftacnik, Lubomir"]
[Result "0-1"]
[WhiteElo "2515"]
[BlackElo "2545"]
[Annotator "ChessBase"]
[PlyCount "138"]
[EventDate "1985.07.??"]
[EventType "tourn"]
[EventRounds "11"]
[EventCountry "DEN"]
[EventCategory "9"]
[SourceTitle "EXT 2000"]
[Source "ChessBase"]
[SourceDate "1999.11.16"]
[SourceVersion "1"]
[SourceVersionDate "1999.11.16"]
[SourceQuality "1"]

1. d4 Nf6 2. Nf3 g6 3. c4 Bg7 4. Nc3 d5 5. cxd5 Nxd5 6. e4 Nxc3 7. bxc3 c5 8.
Rb1 O-O 9. Be2 Nc6 10. d5 Ne5 11. Nxe5 Bxe5 12. Qd2 b6 13. O-O e6 14. f4 Bg7
15. d6 Bb7 16. Bf3 e5 17. c4 exf4 $1 (17... Qd7) 18. Qxf4 Bd4+ 19. Kh1 f6 20.
Bb2 Bxb2 21. Rxb2 Qe8 22. Rd2 Rd8 23. Rfd1 (23. Bg4 Qxe4 24. Qxe4 Bxe4 25. Be6+
Kg7 26. d7 f5 $17) 23... Qe5 $1 (23... Qe6 $6 24. d7 Qxc4 25. Qc7 Bxe4 26. Bxe4
Qxe4 27. Qxa7 $36) 24. Qxe5 (24. g3 Qxf4 25. gxf4 f5 $1 $17) 24... fxe5 25. Rd3
(25. d7 Rf4 26. Re1 Kf7 27. h3 Ke7 28. Bg4 h5 $19) 25... Rf4 26. Re3 (26. Ra3
Bxe4 27. Bxe4 Rxe4 28. Rxa7 Rxd6 $17) 26... Rd7 (26... Kf7 27. Ra3 $1) 27. Kg1
h5 28. h4 $1 Rf6 29. Ra3 (29. Red3 Ba6 30. Rc1 Rfxd6 31. Ra3 Bc8 $19) 29... a5
30. Rad3 Ba6 31. Rd5 Re6 $2 (31... Bxc4 32. Rxe5 Rdxd6 $1 33. Rxd6 Rxd6 $19)
32. R5d2 (32. Be2 Bb7) 32... Bxc4 33. Kf2 (33. g4 $2 Rf6 34. Kg2 Be6 35. gxh5 (
35. g5 Rxf3 $1 36. Kxf3 Bg4+) 35... gxh5 36. Bxh5 Rg7+ 37. Kh2 Rf4 38. Rg2 $8
Rxh4+ 39. Kg1 Rxg2+ 40. Kxg2 Rxh5 $19) 33... Rf6 34. Ke3 b5 (34... a4 35. g4
Bf7 36. gxh5 gxh5 37. Be2 c4 38. Rc2 $15) (34... Bf7 $5 35. Be2 c4 36. Rc2 b5 (
36... Rfxd6 $5) 37. a4 bxa4 38. Ra1 $1 Rfxd6 39. Rxa4 $15) 35. a4 $3 (35. g4
Bf7 36. gxh5 gxh5 37. Rg1+ Rg6 (37... Kf8 38. Rg5 Rdxd6 39. Rxd6 Rxd6 40. Rxe5
Rc6 41. a3 $14) 38. Rb1 b4 39. Bxh5 Rg3+ 40. Kf2 Rh3 $17) 35... bxa4 (35... b4
36. Rc1 Bf7 37. Rxc5) (35... Bb3 36. Rc1 Bxa4 37. Rxc5 $132) 36. Rc1 Bf7 (36...
Bb3 37. Rxc5 Rfxd6 38. Rxd6 Rxd6 39. Rxa5 $132) 37. Rxc5 a3 $1 38. Rxa5 a2 39.
Rd3 $6 (39. Ra6 Rfxd6 $19) (39. Rdxa2 Bxa2 40. Rxa2 Rfxd6 $17) 39... Rfxd6 40.
Rda3 Rb7 (40... Rd2 $5) 41. Kf2 (41. Rxa2 $5 Bxa2 42. Rxa2 Rdb6 43. Ra5 Rb5 44.
Ra6 Kf7 (44... Rb2 45. Rxg6+ Kh7 46. Rd6) 45. Kf2 $17) 41... Rd2+ 42. Kg3 Rb1
43. Ra7 Rb5 44. Rc7 $1 (44. R3a6 Rdb2 45. Ra3 Kg7 46. R3a6 Rb6 47. Ra3 Kf6)
44... Rdb2 45. Ra8+ Rb8 46. Ra5 R8b7 47. Ra8+ $1 Rb8 (47... Kg7 48. Rxa2 Rxg2+
$5 49. Bxg2 Rxc7 $17) 48. Ra5 Rb1 49. Rxf7 Kxf7 50. Rxa2 Kf6 51. Ra5 R8b6 52.
Ra8 Rb8 53. Ra5 R1b5 54. Ra7 R5b7 55. Ra5 Re7 56. Ra6+ Re6 57. Ra7 Rh8 $1 58.
Rc7 (58. Kh3 $5 g5 59. hxg5+ Kxg5 60. Rg7+ Kf6 $1 61. Ra7 h4 62. Kg4 $17) 58...
g5 59. hxg5+ Kxg5 60. Rg7+ Kf6 (60... Rg6 $2 61. Rxg6+ Kxg6 62. Kh4 $1 $10) 61.
Ra7 Re7 62. Ra6+ (62. Rxe7 h4+ $1 63. Kg4 Kxe7 $19) 62... Kg5 63. Kh3 h4 64. g3
Rf7 65. gxh4+ (65. Bg4 Rf1 66. Kg2 hxg3 67. Kxf1 Kxg4 $19) 65... Kf4 $6 (65...
Rxh4+ 66. Kg3 Rhf4 67. Ra3 Rg7 68. Ra5 (68. Rb3 $5) 68... Kh6+ $1 69. Kf2 Rgf7
$19) 66. Bg4 Rd8 (66... Rg8 67. Bh5 Rg3+ 68. Kh2 Rf8 69. Rg6) 67. Bf5 $2 (67.
h5 Kxe4 68. h6 $17) 67... Rd3+ 68. Kg2 Rd2+ 69. Kh3 Rc7 (69... Rc7 70. Ra3 Rc1)
0-1

[Event "Debrecen"]
[Site "Debrecen"]
[Date "1989.??.??"]
[Round "?"]
[White "Gelfand, Boris"]
[Black "Ftacnik, Lubomir"]
[Result "1-0"]
[WhiteElo "2600"]
[BlackElo "2550"]
[Annotator "ChessBase"]
[PlyCount "73"]
[EventDate "1989.06.??"]
[EventType "tourn"]
[EventRounds "11"]
[EventCountry "HUN"]
[EventCategory "12"]
[SourceTitle "CBM 014"]
[Source "ChessBase"]
[SourceDate "1990.02.01"]
[SourceVersion "1"]
[SourceVersionDate "1990.02.01"]
[SourceQuality "1"]

1. d4 Nf6 2. c4 g6 3. Nc3 d5 4. cxd5 Nxd5 5. e4 Nxc3 6. bxc3 c5 7. Nf3 (7. Bb5+
Bd7 8. Be2 Bg7 9. Nf3 cxd4 10. cxd4 Bc6 11. Qd3 f5 $1 {N} 12. exf5 Qa5+ 13. Bd2
Qxf5 14. Qxf5 (14. Qe3 $5) 14... gxf5 15. Rc1 (15. Ne5 $5) 15... Bd5 $1 16. Rc5
e6 (16... Bxa2 $6 17. Bb5+ $36) 17. Rc7 O-O 18. O-O Nc6 (18... Na6 $5) 19. Rxb7
$1 Rab8 (19... Rfb8 20. Ba6 Rxb7 (20... Bxa2 21. Rc1 Bd5 22. Bf4 Rd8 23. Bc4
Bxc4 24. Rxc4 Rac8 (24... Na5 $2 25. Rxg7+ $1 Kxg7 26. Rc7+ $40)) 21. Bxb7 Rb8
$10 {Sokolov,I-Ftacnik,L/Haninge/1989/}) 20. Ba6 Bxa2 $15 {Sokolov,I}) 7... Bg7
8. Rb1 O-O 9. Be2 Nc6 10. d5 Ne5 11. Nxe5 Bxe5 12. Qd2 b6 13. f4 Bg7 14. c4 e5
15. O-O f5 $5 {N} 16. Bb2 (16. d6 Bb7 17. exf5 (17. Bb2 Bxe4 18. fxe5 Re8 $1
19. Qf4 g5 $13) 17... exf4 (17... Rxf5 {} 18. g4 $2 exf4 19. gxf5 Qg5+ $19)
18. Bb2 $10) 16... Qd6 17. Qc3 Re8 18. Bd3 (18. Rbe1 fxe4 19. Bd1 Re7 20. Rxe4
exf4 21. Rexf4 Qxf4 $1 (21... Bxc3 22. Rf8+ Kg7 23. Bxc3+ Kh6 24. Bd2+ g5 25.
R1f6+ $44) (21... Bf5 $10) 22. Qxg7+ Rxg7 23. Rxf4 Rf7 $17) 18... Re7 $2 (18...
fxe4 19. Bxe4 Re7 20. f5 gxf5 21. Bxf5 e4 $13) 19. exf5 gxf5 (19... e4 20. f6
exd3 21. fxe7 $1 $18) 20. fxe5 $1 (20. Bc2 e4 21. Qg3 Qg6 $13) 20... Bxe5 21.
Qd2 (21. Qc2 $2 Bxh2+ 22. Kh1 Qh6) 21... Bxh2+ (21... Bxb2 22. Rxb2 $16 {(+)f5}
) 22. Kh1 Be5 (22... Bg3 23. Bxf5 Bxf5 24. Rxf5 Bh4 25. Qc3 $18) 23. Qg5+ Qg6
$8 (23... Rg7 24. Bxe5 Qxe5 25. Qd8+ Kf7 26. Rbe1 Qg3 27. Qe8+ Kf6 28. Re6+
Bxe6 29. Qxe6+ Kg5 30. Rxf5+ $18) (23... Bg7 24. Rbe1 $18) (23... Kh8 24. Rbe1
Bd7 (24... Rg7 25. Qxg7+ $1 $18 (25. Rxe5)) 25. Rxe5 Rxe5 26. Re1 $18) 24. Qxe7
(24. Qxg6+ hxg6 25. Rfe1 Rh7+) 24... Qh6+ 25. Kg1 Qe3+ 26. Kh1 Qh6+ 27. Kg1
Qe3+ 28. Rf2 $1 Bh2+ 29. Kxh2 Qxe7 30. Rf3 $1 (30. Re2 Qd6+ (30... Qh4+ 31. Kg1
Bd7 32. Rbe1 Rf8 33. Re7 Rf7 34. d6 $16) 31. Kg1 Bd7 32. Rbe1 Rf8) (30. Rbf1 $5
Qh4+ (30... Bd7 31. Rf3) (30... Qd6+ 31. Kg1 Bd7 32. Bxf5 Bxf5 33. Rxf5 Qg6 $16
) 31. Kg1 h6 $16 (31... Bd7 32. Bxf5 Bxf5 33. Rxf5 Re8 34. Bf6 Qxc4 35. Rg5+
Kf8 36. d6 $18)) 30... Qd6+ (30... h6 31. Rg3+ Kh7 32. Rf1 (32. Re1 $2 Qh4+)
32... h5 33. Rxf5 $1 Bxf5 34. Bxf5+ Kh6 35. Rg6+ $18) (30... h5 31. Rg3+ Kh7
32. Rf1 h4 (32... Qd6 33. Rxf5 Bxf5 34. Bxf5+ Kh6 35. Bg7#) 33. Rg4 Bd7 (33...
Kh6 34. Bc1+ Kh5 35. Rg8 $18) 34. Rxf5 Bxf5 35. Bxf5+ Kh6 36. Bc1+ Kh5 37. Kh3
Qf6 38. Bg6+ Qxg6 39. Rxh4#) 31. Rg3+ Kf7 32. Rf1 h5 (32... f4 33. Bc1 $18) (
32... Ke7 33. Re1+ Kd8 34. Be5 Qh6+ 35. Kg1 Qf8 36. Rg7 Bd7 37. Rxh7 Be8 38.
Bc7+ Kc8 39. Bd6 $18) (32... Bd7 33. Bxf5 Ke7 (33... Bxf5 34. Rxf5+ Ke7 35.
Re5+ Kf7 36. Kg1 $1 $18) 34. Bxd7 Kxd7 35. Rf6 Qe7 36. d6 Qe8 37. Rg7+ $18) (
32... Qh6+ 33. Rh3 Qg6 34. Rff3) 33. Bxf5 h4 34. Bg6+ (34. Bxc8+ $2 Ke8) 34...
Kg8 (34... Ke7 35. Bf6+ $1 (35. Rf7+ Ke8 36. Rh7+ Kf8 37. Rxh4 $18) 35... Kd7
36. Bxh4 Kc7 37. Rf7+ Kb8 38. Bg5 $1 { >>f4+-}) 35. Bh7+ $1 (35. Bf7+ Kf8 (
35... Kh7 36. Bg8+ Kh6 37. Bg7+) 36. Bh5+ Ke7 37. Bf6+ $18) 35... Kxh7 36. Rf7+
Kh6 37. Bc1+ 1-0

[Event "London"]
[Site "London"]
[Date "1997.10.22"]
[Round "7"]
[White "Rowson, Jonathan"]
[Black "Gormally, Daniel"]
[Result "1-0"]
[WhiteElo "2490"]
[BlackElo "2425"]
[Annotator "ChessBase"]
[PlyCount "93"]
[EventDate "1997.10.18"]
[EventType "tourn"]
[EventRounds "9"]
[EventCountry "ENG"]
[EventCategory "10"]
[SourceTitle "CBM 062"]
[Source "ChessBase"]
[SourceDate "1998.01.31"]
[SourceVersion "1"]
[SourceVersionDate "1998.01.31"]
[SourceQuality "1"]

1. d4 Nf6 2. c4 g6 3. Nc3 d5 4. cxd5 Nxd5 5. e4 Nxc3 6. bxc3 Bg7 7. Be3 c5 8.
Qd2 Qa5 (8... O-O 9. Nf3 $1 Qa5 (9... Bg4 $5) 10. Rc1 Nd7 11. d5 Nb6 12. c4
Qxd2+ 13. Kxd2 Na4 14. Bd3 f5 15. exf5 Bxf5 16. Bxf5 Rxf5 17. Ng5 $16 {1-0
Shaked,T-Rowson,J/London 1997/CBM 62 (27)}) 9. Rb1 b6 10. Bb5+ Bd7 11. Be2 Bc6
12. Bd3 Nd7 13. Ne2 O-O (13... Rd8 {Shaked,Tal-Kasparov/Tilburg/1997/0-1/CBM 61
}) 14. O-O cxd4 15. cxd4 Qxd2 16. Bxd2 Rfd8 17. Rb3 Rac8 18. Bg5 Kf8 19. Rc1
Bb7 20. Ra3 Rxc1+ 21. Bxc1 a6 22. Be3 Rc8 23. Rc3 Rxc3 24. Nxc3 b5 25. Kf1 Ke8
26. g4 e5 27. d5 Bf8 28. g5 Bc5 29. Bd2 Ke7 30. Ke2 Nb6 31. Nd1 Bc8 32. Ba5
Bg4+ 33. f3 Bd7 34. Ne3 Kd6 35. Nc2 Bc8 36. Be1 Na4 37. Nb4 Bd4 38. Bc2 Bd7 39.
Bxa4 bxa4 40. Nd3 Bb5 41. Bb4+ Kd7 42. Kd2 Bxd3 43. Kxd3 Bg1 44. h3 Bb6 45. Bd2
Bd8 46. Kc4 Be7 47. Bc3 1-0

[Event "WchT U26 08th"]
[Site "Maringa"]
[Date "1991.??.??"]
[Round "2"]
[White "Epishin, Vladimir"]
[Black "Sanchez Almeyra, Jorge"]
[Result "1-0"]
[WhiteElo "2615"]
[BlackElo "2430"]
[Annotator "ChessBase"]
[PlyCount "85"]
[EventDate "1991.09.01"]
[EventType "team-swiss"]
[EventRounds "9"]
[EventCountry "BRA"]
[SourceTitle "EXT 2020"]
[Source "ChessBase"]
[SourceDate "2019.10.17"]
[SourceVersion "1"]
[SourceVersionDate "2019.10.17"]
[SourceQuality "1"]
[WhiteTeam "Soviet Union"]
[BlackTeam "Argentina"]
[WhiteTeamCountry "URS"]
[BlackTeamCountry "ARG"]

{52/459} 1. d4 Nf6 2. c4 g6 3. Nc3 d5 4. cxd5 Nxd5 5. e4 Nxc3 6. bxc3 Bg7 7.
Be3 c5 8. Qd2 O-O 9. Nf3 cxd4 10. cxd4 Bg4 11. Ng5 Nc6 12. h3 Bd7 13. Nf3 Rc8
14. Rb1 Na5 15. Be2 {N} (15. Bd3 {- 51/459}) 15... Be6 16. O-O Bc4 17. Rfd1 (
17. d5 {~~} b6 18. Rbd1 $1 $14) 17... b6 18. d5 e6 19. Bg5 Qd7 20. Rbc1 Rfe8
21. Bxc4 Nxc4 22. Qf4 exd5 23. exd5 b5 24. Bf6 (24. d6 $1 Bf8 (24... Re6 25.
Be7 $16) (24... Rc6) 25. Bh6 $1 Re6 26. Bxf8 Rxf8 27. Rd4 $1 Rd8 28. Rcd1 f6 (
28... Rxd6 29. Rxd6 Nxd6 30. Qd4 $1 Qc7 31. Ne5 Nb7 32. Nd7 $1 $16) 29. Rd5 $14
) 24... Bxf6 25. Qxf6 Rcd8 $2 (25... Qd6 26. Qd4 Rc5 $1 {} 27. Ng5 $2 Rxd5 28.
Qxd5 Re1+ 29. Rxe1 Qxd5 30. Nf3 $11) 26. a4 $1 Qd6 (26... a6 27. Qxa6 Nb2 28.
Rd2 Nxa4 29. d6 $16) 27. Qh4 { []g5-e4} a6 28. axb5 axb5 29. Ng5 Qf6 $8 30.
Qxh7+ Kf8 31. Qh4 Kg7 32. Re1 (32. Nf3 $16 {~~}) 32... Nd6 33. Rxe8 Rxe8 34.
Rc7 b4 35. Qxb4 $8 Qxg5 36. Qxd6 Rd8 37. Qe6 Qf6 $2 (37... Qf4 $1 38. d6 Kg8
$14) 38. g3 $18 Rf8 39. Kg2 Qa1 40. Qc6 Rd8 41. d6 Qf6 42. Qd5 Rb8 43. Rc4 1-0

[Event "Copenhagen Open-03 (Politiken Cup-02)"]
[Site "Copenhagen"]
[Date "1981.06.25"]
[Round "6"]
[White "Petursson, Margeir"]
[Black "Brinck Claussen, Bjorn"]
[Result "0-1"]
[WhiteElo "2445"]
[BlackElo "2375"]
[Annotator "ChessBase"]
[PlyCount "90"]
[EventDate "1981.06.20"]
[EventType "swiss"]
[EventRounds "10"]
[EventCountry "DEN"]
[SourceTitle "EXT 2000"]
[Source "ChessBase"]
[SourceDate "1999.11.16"]
[SourceVersion "1"]
[SourceVersionDate "1999.11.16"]
[SourceQuality "1"]

1. d4 Nf6 2. c4 g6 3. Nc3 d5 4. cxd5 Nxd5 5. e4 Nxc3 6. bxc3 Bg7 7. Nf3 c5 8.
Be3 Qa5 9. Qd2 O-O 10. Rc1 Bg4 11. d5 $6 Bxf3 12. gxf3 c4 $1 13. Be2 $6 (13.
Bd4 $142) 13... Nd7 14. O-O Rac8 15. Rfd1 Rfd8 16. f4 Nc5 17. e5 Nd3 $1 18.
Bxd3 Rxd5 19. Qb2 Rxd3 20. Qxb7 Rcd8 21. Rxd3 cxd3 22. Bd4 Qa4 23. Qb1 Bh6 24.
Rd1 Bxf4 25. Rxd3 Qd7 26. Qd1 Bxe5 27. Qf3 h5 28. h3 Qb5 29. a4 Qc4 30. Qe4
Bxd4 31. Rxd4 Rxd4 32. cxd4 Qxa4 33. Qa8+ Kg7 34. d5 Qa3 35. Qb8 a5 36. Qe5+ f6
37. Qc7 a4 38. Qd7 Kh6 39. Qd8 Kg5 40. Qa5 Kh6 41. Qa8 Qb4 42. Qg8 Qe1+ 43. Kg2
Qe4+ 44. f3 Qe2+ 45. Kg3 Qe5+ 0-1

[Event "Montreal International"]
[Site "Montreal"]
[Date "1979.04.20"]
[Round "8"]
[White "Karpov, Anatoly"]
[Black "Ljubojevic, Ljubomir"]
[Result "1-0"]
[WhiteElo "2705"]
[BlackElo "2590"]
[Annotator "ChessBase"]
[PlyCount "143"]
[EventDate "1979.04.11"]
[EventType "tourn"]
[EventRounds "18"]
[EventCountry "CAN"]
[EventCategory "15"]
[SourceTitle "MCL"]
[Source "ChessBase"]
[SourceDate "1999.07.01"]
[SourceVersion "1"]
[SourceVersionDate "1999.07.01"]
[SourceQuality "1"]

1. c4 c5 2. Nf3 Nf6 3. Nc3 d5 4. cxd5 Nxd5 5. d4 Nxc3 6. bxc3 g6 7. e4 Bg7 8.
Be2 (8. Bb5+ Bd7 (8... Nc6 $5) 9. Bxd7+ (9. Be2 $5) 9... Qxd7 10. O-O cxd4 11.
cxd4 Nc6 12. Be3 O-O 13. d5 $1 Ne5 14. Nxe5 Bxe5 15. Rb1 b5 16. f4 Bc3 17. Qd3
b4 18. f5 Rfc8 19. Rf3 $5 {Flores,R-Czerniak,M/Buenos Aires ol/1939/1-0/36/})
8... O-O $2 (8... Bg4 $142 $1 9. Be3 Bxf3 10. Bxf3 Nc6 11. e5 (11. d5 Bxc3+ 12.
Kf1 Bxa1 13. Qxa1 Nd4 14. Bxd4 cxd4 15. Qxd4)) 9. O-O Bg4 10. Be3 Qa5 (10...
cxd4 11. cxd4 Nc6 12. d5 $1 Bxa1 13. Qxa1 {/\ Bh6}) (10... Bxf3 11. Bxf3 Nc6
12. d5 Bxc3 13. dxc6) 11. Qb3 cxd4 12. cxd4 Nc6 13. Rad1 Qb4 14. h3 Bxf3 15.
Bxf3 Rfc8 16. Qxb4 Nxb4 17. e5 Rc7 18. Rc1 Rac8 19. Rxc7 (19. Bxb7 Rxc1 20.
Rxc1 Rxc1+ 21. Bxc1 Nxa2 22. Bd2 e6 {/\ Bf8}) 19... Rxc7 20. Rb1 Nxa2 21. Ra1
$1 Nb4 22. Rxa7 h5 $2 (22... h6 $142 $1) 23. Bf4 $1 (23. Rxb7 Rxb7 24. Bxb7 Nc2
{^-}) 23... Nd3 24. Bg5 Rd7 25. Rxb7 Rxd4 26. e6 fxe6 27. Rxe7 Rd6 28. Be4 e5
29. Rc7 Bf8 30. Be3 Nf4 31. Rc8 Kg7 32. g3 Ne6 33. Kg2 Be7 34. Rb8 Bg5 35. Rb7+
Kf6 36. Ba7 Bd2 $2 (36... h4 $142) 37. Rb3 Ba5 38. h4 Nd4 39. Rb7 Ne6 40. Be3
Bc3 41. Rb3 Bd4 $1 42. Bh6 Ng7 43. Bg5+ Kf7 44. Rb7+ $6 (44. Rf3+ $142 Ke8 (
44... Kg8 45. Be7 $1 {/\ Rf8+, Bf6}) (44... Nf5 45. Bxf5 gxf5 46. Rxf5+) 45.
Bh6 $1) 44... Kg8 45. Be7 Ra6 46. Bd5+ Kh7 47. Bg5 Rd6 48. Be4 Kg8 49. Rb8+ Kf7
50. Rc8 Ne6 51. Bh6 Bc5 52. Ra8 Rd8 53. Ra5 Rd6 54. Bb1 Bd4 55. Ra8 Bc5 56. Ba2
Kf6 57. Rc8 Bd4 58. Re8 Ra6 59. Bc4 Rc6 60. Bd3 Kf7 61. Ra8 Rd6 62. Be4 Bc5 63.
Kf1 Rd1+ 64. Kg2 Rd6 65. Bb1 Bd4 (65... Rb6 66. Ba2 Rb2 67. Ra6 Rxf2+ 68. Kh3
Rxa2 69. Rxa2 Kf6 70. Kg2 e4) 66. Ra3 Nc7 67. Ba2+ Ke8 68. Rf3 $1 Ne6 69. Bb1
Nc5 70. Rf8+ Ke7 $2 (70... Kd7 $142 $1 71. Rg8 e4 72. Bf8 Rf6 73. Bxc5 Bxc5 74.
Bxe4 Rxf2+ 75. Kh3 Bd6 $14 76. Bxg6 $2 Rf3 77. Bxh5 Rxg3+ 78. Rxg3 Bxg3 79.
Kxg3 Ke7 $10) 71. Rg8 $1 e4 (71... Kf7 72. Ba2+) (71... Rb6 72. Bxg6 Rb2 73.
Bg5+ Ke6 74. Rf8) 72. Bf8+ 1-0